| 000 | 00589cam a22002291 4500 | ||
|---|---|---|---|
| 001 | sa 68000455 | ||
| 003 | DLC | ||
| 005 | 20260227112424.0 | ||
| 008 | 890621s1966 ii d 000 0 urdr | ||
| 010 | _asa 68000455 | ||
| 035 | _a(OCoLC)19908094 | ||
| 040 |
_aDLC _cWaU _dDLC |
||
| 042 | _apremarc | ||
| 050 | 0 | 0 |
_aPK1977 _b.A73 |
| 100 | 2 | _aAdīb Ḥaidarābādī, Aḥmad ʻAlī K̲h̲ān̲. | |
| 245 | 1 | 0 | _aTaṣarrufāt-i Urdū. |
| 260 | _c[1966] | ||
| 300 |
_a320 p. _c19 cm. |
||
| 500 | _aIn Urdu. | ||
| 650 | 0 |
_aUrdu language _vDictionaries. |
|
| 740 | 0 | _aTasarrufath-e-Urdu. | |
| 999 |
_c77229 _d77229 |
||